| 000 -LEADER |
| fixed length control field |
00851nam a22002417a 4500 |
| 003 - CONTROL NUMBER IDENTIFIER |
| control field |
OSt |
| 005 - DATE AND TIME OF LATEST TRANSACTION |
| control field |
20251107101504.0 |
| 008 - FIXED-LENGTH DATA ELEMENTS--GENERAL INFORMATION |
| fixed length control field |
251107b ||||| |||| 00| 0 eng d |
| 020 ## - INTERNATIONAL STANDARD BOOK NUMBER |
| Canceled/invalid ISBN |
9781408341421 |
| 040 ## - CATALOGING SOURCE |
| Transcribing agency |
KH8 |
| 082 04 - DEWEY DECIMAL CLASSIFICATION NUMBER |
| Classification number |
823.92 THO |
| 100 1# - MAIN ENTRY--PERSONAL NAME |
| Personal name |
Thomson, Jamie |
| Relator term |
author |
| 245 10 - TITLE STATEMENT |
| Title |
Headmaster of doom |
| 264 #1 - PRODUCTION, PUBLICATION, DISTRIBUTION, MANUFACTURE, AND COPYRIGHT NOTICE |
| Place of production, publication, distribution, manufacture |
50 Victoria Embankment,London EC4Y 0DZ |
| Name of producer, publisher, distributor, manufacturer |
Orchard Books |
| Date of production, publication, distribution, manufacture, or copyright notice |
2017 |
| 300 ## - PHYSICAL DESCRIPTION |
| Extent |
247 pages |
| Other physical details |
b illustration |
| Dimensions |
13 cm x19 cm |
| 520 ## - SUMMARY, ETC. |
| Summary, etc. |
The nerve! Clearly I'm needed by my minions once more,to return life in the Dark lands to its usual state of pain and misery.MWA HA HA! |
| 588 ## - SOURCE OF DESCRIPTION NOTE |
| Source of description note |
Description based on CIP data; item not viewed. |
| 650 #7 - SUBJECT ADDED ENTRY--TOPICAL TERM |
| Topical term or geographic name entry element |
Action & Adventure |
| Source of heading or term |
JUVENILE FICTION |
| 650 #7 - SUBJECT ADDED ENTRY--TOPICAL TERM |
| Topical term or geographic name entry element |
Humorous Stories |
| Source of heading or term |
JUVENILE FICTION |
| 655 #0 - INDEX TERM--GENRE/FORM |
| Genre/form data or focus term |
Humorous stories |
| 655 #0 - INDEX TERM--GENRE/FORM |
| Genre/form data or focus term |
Children's stories |
| 942 ## - ADDED ENTRY ELEMENTS (KOHA) |
| Source of classification or shelving scheme |
|
| Koha item type |
Books - Fiction |